Environmental policy and public health air pollution, global climate change, and wilderness

"This important resource provides an overview of the major environmental policy issues, both historic and topical, and explains how science plays a role in various forms of policy response. It scrutinizes the sources of pollution and threats to environmental integrity, the consequences of pollu...

Full description

Saved in:
Bibliographic Details
Main Author: Rom, William N.
Format: Book
Language:English
Published: San Francisco Jossey-Bass 2012
Edition:1st ed.
Series:Public health/environmental health 14
Subjects:
Tags: Add Tag
No Tags, Be the first to tag this record!
Institutions: Mạng thư viện Đại học Đà Nẵng
LEADER 01971nam a2200373 4500
001 000023945
003 20398
005 20160524100553.0
008 160524s2012 engsd
020 |a 9780470593431 (pbk.) 
041 0 |a eng 
082 0 4 |a 362.19698  |b RO-W 
100 1 |a Rom, William N. 
245 1 0 |a Environmental policy and public health  |b air pollution, global climate change, and wilderness  |c William N. Rom ; foreword by Frances Beinecke. 
250 |a 1st ed. 
260 |a San Francisco  |b Jossey-Bass  |c 2012 
300 |a xxvi, 420 p.  |b ill.  |c 24 cm. 
490 0 |a Public health/environmental health  |v 14 
500 |a Includes bibliographical references (p. [369]-406) and index. 
520 |a "This important resource provides an overview of the major environmental policy issues, both historic and topical, and explains how science plays a role in various forms of policy response. It scrutinizes the sources of pollution and threats to environmental integrity, the consequences of pollution on the environment and health and explains the legal basis for environmental action. The book explains science-based environmental regulation versus cost-benefit scenarios and advocacy by regulated industry and public health organizations. This resource is designed for graduate students in public health and environmental studies"  |c Provided by publisher. 
650 0 |a Medical policy 
650 0 |a Environmental health  |x Government policy 
653 |a Environment 
653 |a Health 
OWN |a LSP 
AVA |a UDN50  |b LSP  |d 362.19698 RO-W  |e available  |t Error 5001 Not defined in file expand_doc_bib_avail.  |f 2  |g 0  |h N  |i 0  |k 1 
999 |a From the UDN01 
AVA |a UDN50  |b LSP  |d 362.19698 RO-W  |e available  |t Error 5001 Not defined in file expand_doc_bib_avail.  |f 2  |g 0  |h N  |i 0  |k 1 
TYP |a Monograph 
TYP |a Printed language 
980 |a Mạng thư viện Đại học Đà Nẵng